| 000 | 00370nam a2200157Ia 4500 | ||
|---|---|---|---|
| 008 | 230719s9999 xx 000 0 und d | ||
| 041 | _aeng | ||
| 082 |
_a796.4'1 _bDIW |
||
| 100 |
_aDiwekar R. _9199106 |
||
| 245 | _aIndian Superfoods | ||
| 260 |
_c2016 _bJuggernaut Books |
||
| 300 | _a174 | ||
| 365 |
_cRs. _b250.00 |
||
| 700 |
_aDiwekar R. _9199106 |
||
| 906 | _b125 | ||
| 999 |
_c354627 _d354627 |
||